Perspektivy spotřebního průmyslu

Na minha lista:
Detalhes bibliográficos
Autor principal: Alexander, Pavel
Outros Autores: Hodinářová, Jana
Formato: Livro
Idioma:tcheco
Publicado em: Praha Ústředí vědeckých, technických a ekonomických informací 1982
Tags: Adicionar Tag
Sem tags, seja o primeiro a adicionar uma tag!

MARC

LEADER 00000nam a2200000 4500
001 c129149
005 20041019155245.5
041 0 |a cze 
044 |a CZ 
245 1 0 |a Perspektivy spotřebního průmyslu  |c Pavel Alexander, Jana Hodinářová 
264 1 |a Praha  |b Ústředí vědeckých, technických a ekonomických informací  |c 1982 
300 |a 134 s. 
100 1 |a Alexander, Pavel 
700 1 |a Hodinářová, Jana